000 00612cam a22002173a 4500
001 44847
003 PGUSA
005 20140828084026.0
008 140209s2014||||xxu|||||s|||||000 | eng d
040 _aPGUSA
_beng
042 _adc
100 1 _aWaterman, Amy L.
245 1 2 _aA Little Candy Book for a Little Girl
_h[electronic resource] /
_cAmy L. Waterman
260 _bProject Gutenberg,
_c2014
506 _aPublic domain in the USA.
516 _aElectronic text
700 1 _aO'Brien, Harriet
830 0 _aProject Gutenberg
_v44847
856 4 0 _uhttp://www.gutenberg.org/ebooks/44847
942 _cEB
999 _c274098
_d274098